000 00344nam a2200145Ia 4500
008 191201s2011 xx 000 0 und d
082 _a658
_bKOE
100 _aKOONTZ, Harold
245 0 _aEssentials of Management
250 _a7th
260 _aN.Delhi
_bTata Mc Graw Hill
_c2011
300 _a500
650 _aB.Tech(ECE)
942 _2ddc
_cBK
999 _c3231
_d3231